Nazwij pasujące Państwo #2 - Statystyki

Ogólne statystyki
  • Ten quiz został rozwiązany 87 razy
  • Średni wynik to 11 z 14
Statystyki odpowiedzi
Podpowiedz Państwo % Poprawnych
Państwo na L Liban / Liberia / Libia / Laos / Lesotho / Litwa / Luksemburg / Liechtenstein
97%
Leżące nad morzem Czarnym Turcja / Bułgaria / Rosja / Rumunia / Gruzja / Ukraina
97%
Państwa kończące się na "nia" Hiszpania / Dania / Jordania / Tanzania / Kenia / Armenia / Mauretania / Rumunia / Estonia / Albania / Japonia / Wielka Brytania / Kenia
95%
Graniczy z Ekwadorem Peru / Kolumbia
95%
Państwo na J Jemen / Jordania / Japonia / Jamajka
94%
Graniczy z Nigerią Kamerun / Niger / Benin / Czad
94%
W jakim Państwie znajduje się Ural Rosja
94%
Leżące nad morzem Czerwonym Egipt / Jordania / Arabia Saudyjska / Jemen / Erytrea / Dżibuti / Sudan
85%
Stolicą tego państwa jest Bejrut Liban
71%
W którym Państwie wymyślono Nokię? Finlandia
69%
Stolicą tego Państwa jest Manila Filipiny
68%
Szczyt Mount Logan do kogo należy? Kanada
49%
Szczyt Howerla do kogo należy? Ukraina
31%
Najbiedniejsze Państwo na Ziemi Burundi
23%
Nie znaleziono quizów pasujących do podanych kryteriów
Rozkład punktacji
Procent ludzi z każdym wynikiem
Percentyl według liczby udzielonych odpowiedzi
Twoja historia wyników
Nie rozwiązałeś tego quizu